000
00337nam a2200145Ia 4500
008
150201s2008 xx 000 0 und d
082
_a
617.3
_b
O08K
100
_a
KOVAL , KENNETH
245
_a
ORTHOPAEDIC KNOWLEDGE
250
_a
7TH
260
_b
JAYPEE
_a
INDIA
_c
2008
300
_a
1-738
650
_a
ORTHOPEDICS
942
_2
ddc
_c
BK
_0
1
999
_c
1470
_d
1470